000
00243nam a22001337a 4500
999
_c
162343
_d
162343
082
_a
_b
100
_a
245
_a
Hindi dictionary
_c
260
_a
_b
Rajpal,
_c
1994.
300
_a
935p.
650
_a
700
_a
942
_c
BK